000 00539nam a2200181Ia 4500
008 090124s9999 xx 000 0 und d
082 _b100455
100 _aगांधी महात्मा
245 _a पुण्यश्र्लोक
250 _a1
260 _c1922
300 _a3+215
600 _aगांधी महात्मा
630 _a पुण्यश्र्लोक
700 _aगांधी महात्मा
730 _a पुण्यश्र्लोक
942 _cBOOK
999 _c146547
_d146547